| 000 | 00342nam a2200133Ia 4500 | ||
|---|---|---|---|
| 005 | 20251222144755.0 | ||
| 008 | 251222s9999||||xx |||||||||||||| ||spa|| | ||
| 020 | _a968-16-3458-6 | ||
| 082 | _a869.15/P33 | ||
| 100 | _aPaz, Octavio | ||
| 245 | 0 | _aPequeña Crónica de los Grandes Días | |
| 264 | _bFondo de Cultura Económica | ||
| 942 | _cLIB | ||
| 999 |
_c19488 _d19488 |
||